000 01272nam a2200253 a 4500
999 _c447081
_d447081
003 BLK
005 20230727123558.0
008 220304b bu |||||r|||| 00| | bu d
040 _aBLK
041 _aBUL
_cBUL
080 _aСанитарно благоустрояване на населените места - Отстраняване и използване на отпадъците, измиване на улиците, обществени тоалети и др.
_b628.4
_x(062)
_z628.4(062)
139 _bД 73
245 _aДоклад
_bпо проблемите за по-нататъшно разгръщане на общонародното движение за създаване приветлива и културна обстановка, благоустрояване и хигиенизиране в Русенски окръг
_h[Малотир. изд.]
260 _9219284
_aРусе
_bОкр. нар. съвет - Русе
_c1978
300 _a38 с.
_c22 см
380 _a62
500 _aОК на ОФ - Русе
650 _aРусе - благоустройство
_9471157
653 7 _9185374
_aдоклади
852 _bК
_cК 62/Д 73
942 _cKNG
_n0
_s1
_01
944 _aCR
_c2022-03-04
_k30556
_lТеодора Пейчева-Дянкова
999 _d447081